00777nam a22002417a 450000500170000001000130001702000220003003500130005203700160006504000120008108200130009310000270010624500540013326000380018727000490022530000210027450000190029565000310031465000240034594200220036999900190039195201250041020170124110224.0 aA-997986 c00.00a8171771130 aA-997986 bCen Lib/Ret aDPLbEN a347bMAL aMallick, M. R.9106005 aWarits :cby M.R. Malilick blaw and practice / aCalcuttabEastern Law Housec2000 a54, Ganesh Chunder Avenue bCalcuttae700013 a683p. c22cm(Hb) aIncludes index aPolitical Science 9106006 aJurisdiction940397 2ddccENh347mMAL c134311d134311 001040718REFaLbLd2015-07-29eCen Lib/Retg0.00l0o347 MALpA-997986r2015-07-29 00:00:00t1v0.00w2015-07-29yEN